¿Donde estás, hermano?

Everest Ulyssess McGill, un delincuente de poca monta, es detenido y condenado a trabajos forzados en el estado de Mississippi. Sus dificultades para adaptarse a la estricta disciplina de la prisión lo llevan a elaborar un plan de fuga.

Guardado en:
Autor Principal: Coen, Joel.
Autor Corporativo: Mike Zoss Productions.
Otros Autores: Clooney, George; Reparto., Turturro, John; Reparto., Nelson, Tim Blake; Reparto.
Formato: Deslizar
Idioma:Undetermined
Publicado: Estados Unidos : Walt Disney Pictures, 2009.
Materias:
Etiquetas: Agregar Etiqueta
Sin Etiquetas, Sea el primero en etiquetar este registro!
LEADER 01147ngm a22002415a 4500
001 CEM.cems020975
008 240403s2009####xx#---############vlund#d
005 20240403203332.0
245 1 0 |a ¿Donde estás, hermano?  |h [videograbación] /  |c Joel Coen, Ethan Coen. 
260 |a Estados Unidos :  |b Walt Disney Pictures,  |c 2009. 
300 |a 126'. 
520 |a Everest Ulyssess McGill, un delincuente de poca monta, es detenido y condenado a trabajos forzados en el estado de Mississippi. Sus dificultades para adaptarse a la estricta disciplina de la prisión lo llevan a elaborar un plan de fuga. 
538 |a Soporte: DVD - Formato: AVI - Peso:1.26gb - Resolución: 720 x 576 - 23.98fps 
500 |a Título original: O Brother, Where Art Thou? – Idioma: Inglés – Subtítulos: Español. 
590 |a Identificación anterior: 397 
100 1 |a Coen, Joel. 
700 1 |a Clooney, George; Reparto. 
700 1 |a Turturro, John; Reparto. 
700 1 |a Nelson, Tim Blake; Reparto. 
710 2 |a Mike Zoss Productions. 
653 |a LARGOMETRAJE 
653 |a FICCIÓN 
859 |a CEMS  |b BIB. CEMS - Depto. Recursos Didacticos  |h 778.5  |i COE  |k DRD  |p 3333.24  |t Ej.1